MARC

LEADER 00000nam0a2200000 4500
001 104003
005 20231101214525.0
035 |a (RuTPU)RU\TPU\book\112114 
090 |a 104003 
100 |a 20061025d1949 k y0rusy50 ca 
101 1 |a rus  |c eng 
102 |a RU 
105 |a a z 001zy 
200 1 |a Гелий  |e пер. с англ.  |f В. Кеезом 
210 |a Москва  |c Изд-во иностранной литературы  |d 1949 
215 |a 542 с.  |c ил. 
320 |a Библиогр. в конце гл. 
606 1 |a Гелий  |2 stltpush  |3 (RuTPU)RU\TPU\subj\5626  |9 33653 
610 1 |a физика 
610 1 |a получение 
610 1 |a промышленное применение 
610 1 |a явления переноса 
610 1 |a теплоемкость 
610 1 |a оптические свойства 
610 1 |a диаграммы 
610 1 |a жидкое состояние 
610 1 |a теплопроводность 
610 1 |a твердое состояние 
610 1 |a сверхтекучесть 
675 |a 539.128  |v 3 
700 1 |a Кеезом  |b В. 
801 1 |a RU  |b 63413507  |c 20061025  |g PSBO 
801 2 |a RU  |b 63413507  |c 20160205  |g PSBO 
942 |c BK